Normal view MARC view

Entry Nombre personal

Number of records used in: 1

001 - NÚMERO DE CONTROL

  • campo de control: 30072

003 - IDENTIFICADOR DEL NÚMERO DE CONTROL

  • campo de control: FranzMayer

005 - FECHA Y HORA DE LA ÚLTIMA TRANSACCIÓN

  • campo de control: 20251007105039.0

008 - DATOS DE LONGITUD FIJA

  • campo de control de longitud fija: 251007|| aca||aabn | a|a d

040 ## - FUENTE DE LA CATALOGACIÓN

  • Centro catalogador/agencia de origen: FranzMayer
  • Centro/agencia transcriptor: FranzMayer

100 ## - ENCABEZAMIENTO-NOMBRE DE PERSONA

  • Nombre de persona: Barba, Alvaro Alonso
  • Fechas asociadas al nombre: 1569-1662

670 ## - FUENTE DE DATOS ENCONTRADOS

  • Cita de la fuente: Work cat.: (FranzMayer)11095: Barba, Alvaro Alonso 1569-1662 autor, Arte de los metales, en que se enseña el verdadero beneficio de los de oro, y plata por azogue: el modo de fundirlos todos, y como se han de refinar, y apartar unos de otros/, 1729